Calculus (Record no. 6359)

MARC details
000 -LEADER
fixed length control field 00554nam a22002057a 4500
003 - CONTROL NUMBER IDENTIFIER
control field OSt
005 - DATE AND TIME OF LATEST TRANSACTION
control field 20191025131221.0
008 - FIXED-LENGTH DATA ELEMENTS--GENERAL INFORMATION
fixed length control field 191025b ||||| |||| 00| 0 eng d
020 ## - INTERNATIONAL STANDARD BOOK NUMBER
International Standard Book Number 978-0130918710
040 ## - CATALOGING SOURCE
Transcribing agency DDC
082 ## - DEWEY DECIMAL CLASSIFICATION NUMBER
Classification number 515 STR 2002
100 ## - MAIN ENTRY--PERSONAL NAME
Personal name Strauss, Monty J.; Bradley, Gerald L.; Smith, Karl J.
9 (RLIN) 12998
245 ## - TITLE STATEMENT
Title Calculus
250 ## - EDITION STATEMENT
Edition statement 3rd ed.
260 ## - PUBLICATION, DISTRIBUTION, ETC. (IMPRINT)
Place of publication, distribution, etc. New Jersey;
Name of publisher, distributor, etc. Prentice Hall,
Date of publication, distribution, etc. 2002
300 ## - PHYSICAL DESCRIPTION
Extent xxviii,969p;
Other physical details Col.ill:
Dimensions 27cm
504 ## - BIBLIOGRAPHY, ETC. NOTE
Bibliography, etc Appendices, & index included
650 ## - SUBJECT ADDED ENTRY--TOPICAL TERM
Topical term or geographic name as entry element Calculus
9 (RLIN) 764
942 ## - ADDED ENTRY ELEMENTS (KOHA)
Source of classification or shelving scheme Other/Generic Classification Scheme
Koha item type Book Bank
Holdings
Withdrawn status Lost status Source of classification or shelving scheme Damaged status Not for loan Home library Current library Date acquired Source of acquisition Inventory number Total Checkouts Total Renewals Full call number Barcode Date last seen Date last checked out Koha item type
    Dewey Decimal Classification     MUST Main Library MUST Main Library 25/10/2019 Donation 10/32276 2 1 515 STR 2002 2019-0565 25/05/2021 14/04/2021 Open Shelf